000 00810nam a22002297a 4500
005 20240530110512.0
008 151206s2013 ua ad f 000 0 ara d
017 _a2012/2/555
_bالاردن . دائرة المكتبة الوطنية
020 _a9789957831493
040 _aEG-CaGPL
082 0 4 _221
_a720.284\
_bف ر
100 0 _aفراس مصطفى محمد .
245 1 2 _aالرسم الثلاثى الرقمى auto cad /
_cفراس مصطفى محمد .
250 _aط1.
260 _aعمان :
_bمكتبة المجتمع العربى للنشر و التوزيع ،
_c2013 .
300 _a2 ج :
_bايض ؛
_c24 سم .
650 0 4 _aاوتو كاد .
650 0 4 _aالعمارة .
650 0 4 _aالمجسمات .
942 _2ddc
_cBK
999 _c61694
_d61694